| 000 | 00708cam a2200217 4500 | ||
|---|---|---|---|
| 999 |
_c106538 _d106538 |
||
| 005 | 20170821095845.0 | ||
| 008 | 170821t1998 sp |||||| ||| ||spa | ||
| 020 | _a8420689963 | ||
| 050 | 0 | 4 |
_aK215.S63 _bT78 1998 |
| 100 | 1 | _aTruyol y Serra, Antonio | |
| 245 | 1 | 0 |
_aHistoria de la filosofía del derecho y del estado / _cAntonio Truyol y Serra. |
| 250 | _a13a ed. | ||
| 260 |
_aMadrid, España : _bAlianza, _c1998 |
||
| 300 |
_a2 v. ; _c23 cm. |
||
| 490 | 0 |
_aAlianza Universidad; Textos ; _vAUT 40 |
|
| 500 | _a | ||
| 504 | _aIncluye bibliografía e índice | ||
| 505 | _aContenido: V.1. De los orígenes a la baja edad media. -- V.2. Del renacimiento a Kant | ||
| 650 | 4 |
_aDerecho _xFilosofía _xHistoria. |
|
| 650 | 4 |
_aLa ley y el Estado _xFilosofía _x _ySiglo XV |
|
| 942 |
_2lcc _cLIB |
||